000
00223nam a2200097Ia 4500
008
170619s9999 xx 000 0 und d
100
_a
Mitchell Will David
245
0
_a
Debgging Java
260
_b
New delhi; T M H
260
_c
2000
546
_a
ENGLISH
999
_c
17674
_d
17674